Filosofer fra eldre og nyere tid (med bilde) - Statistics

General Stats
  • This quiz has been taken 198 times
  • The average score is 8 of 17
Answer Stats
Picture Hint Answer % Correct
Idéverdenen er mer ekte enn den fysiske (hulelignelsen) Platon
91%
Dydsetikk + Alt som finnes består av stoff og form Aristoteles
88%
Den vestlige filosofiens grunnlegger Sokrates
75%
Eksistensialisme - Individet gir mening til sitt liv Søren Kierkegaard
69%
Eksistensialisme og ateisme - "Gud er død" Friedrich Nietzsche
59%
Pliktetikk (deontologi) - Det kategoriske imperativ Immanuel Kant
59%
Rasjonalisme - Man får kunnskap gjennom fornuften/logikk René Descartes
56%
Atomisme - Alt som finnes består av atomer Demokrit
44%
Den første naturfilosofen - Alt kommer fra vann Thales
44%
Kinesisk filosofi og rolleetikk - Respekt for autoriteter Konfutse
41%
Empirisme og skeptisisme - Man får aldri sikker kunnskap David Hume
38%
Empirisme - Man får kunnskap gjennom erfaring/sanseinntrykk Francis Bacon
38%
Eksistensialisme og feminisme - Konstruktivistisk kjønnsforståelse Simone de Beauvoir
38%
Eksistensialisme - Man er dømt til frihet Jean-Paul Sartre
34%
Konsekvensetikk (utilitarisme) - Lykkemaksimering Jeremy Bentham
31%
Analytisk filosofi - Logikk og vitenskap, ikke metafysisk spekulasjon Bertrand Russell
13%
Buddhistisk filosofi og ikke-dualisme - Alt er tomhet Nagarjuna
6%
No matching quizzes found
Score Distribution
Percent of People with Each Score
Percentile by Number Answered
Your Score History
You have not taken this quiz